000 00680nam a2200241Ia 4500
003 OSt
005 20240911113844.0
008 210329s9999||||xx |||||||||||||| ||und||
020 _a8188810207
040 _cSTCPL
041 _aMAL
082 _aM8
_bSHA-A
100 _aShanavas, M A
_qഎം എ ഷാനവാസ്
100 _aSajeesh, N P
_qഎൻ പി സജീഷ്
245 0 _aAatmahathya /
_bby M A Shanavas and N P Sajeesh
_hആത്മഹത്യ
260 _aKochi :
_bPranatha Books ,
_c2004 .
300 _a290 p.
_bPB
650 _aMalayalam literature
650 _aMiscellaneous writings
650 _aSuicide
942 _cBK
942 _2ddc
999 _c68383
_d68383